[Event "Brasilia City-ch"]
[Site "Brasilia"]
[Date "2023.12.03"]
[Round "8"]
[White "Japiassu, Ricardo de Villa No"]
[Black "Damasceno Martins, Carlos E Souza"]
[Result "1-0"]
[WhiteElo "1935"]
[BlackElo "1743"]
[PlyCount "41"]
[EventDate "2023.11.24"]
[EventType "tourn"]
[EventRounds "11"]
[EventCountry "BRA"]
[SourceTitle "EXT 2025"]
[Source "ChessBase"]
[SourceDate "2024.10.14"]
[SourceVersion "1"]
[SourceVersionDate "2024.10.14"]
[SourceQuality "1"]

1. c4 Nf6 2. Nc3 e6 3. e4 d5 4. e5 Nfd7 5. d4 c5 6. cxd5 exd5 7. Nf3 Nc6 8. Bg5 Qa5 9. Be2 cxd4 10. Nxd4 Ndxe5 11. 0-0 Be7 12. Bxe7 Nxe7 13. Bb5+ N5c6 14. Bxc6+ bxc6 15. Re1 Qc5 16. Na4 Qd6 17. Qe2 Bd7 18. Rac1 Rc8 19. Nc5 Kf8 20. Nb5 cxb5 21. Nxd7+ 1-0

[Event "Brasilia City-ch"]
[Site "Brasilia"]
[Date "2023.11.25"]
[Round "3"]
[White "Japiassu, Ricardo de Villa No"]
[Black "De Souza, Paulo Goncalves"]
[Result "1-0"]
[WhiteElo "1935"]
[BlackElo "1718"]
[PlyCount "101"]
[EventDate "2023.11.24"]
[EventType "tourn"]
[EventRounds "11"]
[EventCountry "BRA"]
[SourceTitle "EXT 2025"]
[Source "ChessBase"]
[SourceDate "2024.10.14"]
[SourceVersion "1"]
[SourceVersionDate "2024.10.14"]
[SourceQuality "1"]

1. c4 c5 2. Nc3 Nf6 3. g3 d5 4. cxd5 Nxd5 5. Bg2 Nc7 6. e3 Nc6 7. Nge2 e5 8. 0-0 Be7 9. f4 exf4 10. Nxf4 0-0 11. b3 Be6 12. Nxe6 Nxe6 13. Nd5 Nc7 14. Nxe7+ Qxe7 15. Ba3 Nb5 16. Bxc6 bxc6 17. Bb2 Rad8 18. Qg4 f6 19. Qc4+ Kh8 20. Rf2 Rd5 21. Qc2 Rfd8 22. Raf1 Qd7 23. Bc1 Nc7 24. Rf4 Ne6 25. Rc4 Rd3 26. Rc3 Rd5 27. Rc4 Rd3 28. Rc3 Kg8 29. Rxd3 Qxd3 30. Qxd3 Rxd3 31. Kf2 Kf7 32. Ke2 Rd5 33. Bb2 Rh5 34. h4 Ke7 35. Rc1 Rd5 36. Rc4 f5 37. Ba3 a6 38. Ra4 Nc7 39. d4 Nb5 40. Rxa6 Nxa3 41. Rxa3 cxd4 42. exd4 Rxd4 43. Ra7+ Kf6 44. Rc7 Rd6 45. a4 h6 46. a5 g5 47. hxg5+ hxg5 48. b4 Ke5 49. a6 Kd5 50. a7 Rd8 51. Rd7+ 1-0

[Event "Brasilia City-ch"]
[Site "Brasilia"]
[Date "2023.11.24"]
[Round "1"]
[White "Japiassu, Ricardo de Villa No"]
[Black "Cunha, Lucas Aguiar"]
[Result "0-1"]
[WhiteElo "1935"]
[BlackElo "2304"]
[PlyCount "42"]
[EventDate "2023.11.24"]
[EventType "tourn"]
[EventRounds "11"]
[EventCountry "BRA"]
[SourceTitle "EXT 2025"]
[Source "ChessBase"]
[SourceDate "2024.10.14"]
[SourceVersion "1"]
[SourceVersionDate "2024.10.14"]
[SourceQuality "1"]

1. e4 c5 2. Nf3 Nc6 3. d4 cxd4 4. Nxd4 Nf6 5. Nc3 d6 6. Bg5 e6 7. Qd2 h6 8. Bh4 Nxe4 9. Bxd8 Nxd2 10. Ndb5 Kxd8 11. Kxd2 a6 12. Na3 d5 13. Nab1 Bc5 14. f3 Kc7 15. a3 Rd8 16. b4 Bd4 17. Bd3 e5 18. b5 Na5 19. Ra2 Be6 20. Ne2 Bb6 21. Rb2 e4 0-1

[Event "Florianopolis op 9th"]
[Site "Florianopolis"]
[Date "2023.01.25"]
[Round "4"]
[White "Silverio, Vitor Luis de Jesus"]
[Black "Japiassu, Ricardo de Villa No"]
[Result "1-0"]
[WhiteElo "1682"]
[BlackElo "1964"]
[PlyCount "48"]
[EventDate "2023.01.23"]
[EventType "swiss"]
[EventRounds "10"]
[EventCountry "BRA"]
[SourceTitle "CBM 212 Extra"]
[Source "ChessBase"]
[SourceDate "2023.03.31"]
[SourceVersion "1"]
[SourceVersionDate "2023.03.31"]
[SourceQuality "1"]

1. e4 c5 2. Nf3 d6 3. d4 cxd4 4. Nxd4 Nf6 5. Nc3 g6 6. Be3 Bg7 7. f3 0-0 8. g4 Nc6 9. Qd2 Be6 10. 0-0-0 Nxd4 11. Bxd4 Qa5 12. Kb1 Rfc8 13. a3 Rab8 14. Nd5 Qxd2 15. Rxd2 Bxd5 16. exd5 Nd7 17. Bxa7 Ra8 18. Bd4 Ne5 19. Be2 Ra5 20. f4 Nc4 21. Bxc4 Bxd4 22. Rxd4 Ra4 23. b3 Rxa3 24. Kb2 Rca8 1-0

[Event "Florianopolis op 8th"]
[Site "Florianopolis"]
[Date "2022.01.28"]
[Round "7"]
[White "Cordeiro, Marco Aurelio Zaror"]
[Black "Japiassu, Ricardo de Villa No"]
[Result "0-1"]
[WhiteElo "2165"]
[BlackElo "1973"]
[PlyCount "136"]
[EventDate "2022.01.24"]
[EventType "swiss"]
[EventRounds "10"]
[EventCountry "BRA"]
[SourceTitle "EXT 2023"]
[Source "ChessBase"]
[SourceDate "2022.10.05"]
[SourceVersion "1"]
[SourceVersionDate "2022.10.05"]
[SourceQuality "1"]

1. e4 c5 2. Nf3 d6 3. d4 cxd4 4. Nxd4 Nf6 5. Nc3 g6 6. Bc4 Bg7 7. h3 0-0 8. Bb3 Nc6 9. Be3 Nxd4 10. Bxd4 Be6 11. Bxe6 fxe6 12. 0-0 Nd7 13. Ne2 Bxd4 14. Nxd4 Rf6 15. c3 Qb6 16. Qe2 Raf8 17. a4 Qc5 18. Qb5 Qc7 19. Qb3 Nc5 20. Qc4 d5 21. exd5 Rxf2 22. Rxf2 Rxf2 23. d6 exd6 24. Nb5 Qc6 25. Qg4 Rxb2 26. Nd4 Qe4 27. Qxe4 Nxe4 28. Nxe6 Nxc3 29. Rf1 Rb1 30. Rxb1 Nxb1 31. Nd8 b6 32. Nc6 Nc3 33. Nxa7 Nxa4 34. Nc8 d5 35. Ne7+ Kf7 36. Nxd5 Ke6 37. Nb4 Ke5 38. Kf2 Ke4 39. Ke2 b5 40. g3 Nc3+ 41. Kf2 Nd5 42. Nc6 b4 43. Na5 Nc3 44. Nb3 Nb5 45. Nc5+ Kd4 46. Na4 Nc3 47. Nb2 b3 48. Kf3 Nd5 49. h4 h6 50. g4 g5 51. hxg5 hxg5 52. Na4 Nb4 53. Ke2 Nd3 54. Kd2 Ne5 55. Kc1 Nxg4 56. Kb2 Ne3 57. Nc3 Kc4 58. Ne4 Nd1+ 59. Kc1 b2+ 60. Kc2 b1Q+ 61. Kxb1 Nc3+ 62. Nxc3 Kxc3 63. Kc1 Kd3 64. Kd1 Ke3 65. Ke1 Kf3 66. Kf1 Kg3 67. Kg1 g4 68. Kh1 Kf2 0-1

[Event "Florianopolis op 6th"]
[Site "Florianopolis"]
[Date "2020.01.21"]
[Round "2"]
[White "Japiassu, Ricardo de Villa No"]
[Black "Terao, Juliana Sayumi"]
[Result "0-1"]
[WhiteElo "1994"]
[BlackElo "2232"]
[PlyCount "114"]
[EventDate "2020.01.20"]
[EventType "swiss"]
[EventRounds "10"]
[EventCountry "BRA"]
[SourceTitle "CBM 194 Extra"]
[Source "ChessBase"]
[SourceDate "2020.03.31"]
[SourceVersion "1"]
[SourceVersionDate "2020.03.31"]
[SourceQuality "1"]

1. c4 c5 2. g3 g6 3. Bg2 Bg7 4. Nc3 Nc6 5. Nf3 d6 6. 0-0 e5 7. a3 Nge7 8. d3 0-0 9. Rb1 a5 10. Bd2 h6 11. Ne1 Be6 12. Nc2 d5 13. cxd5 Nxd5 14. Ne3 Nde7 15. Nc4 Rb8 16. Nb5 b6 17. Qa4 Bd7 18. Qc2 Nf5 19. b4 axb4 20. axb4 Nxb4 21. Bxb4 Bxb5 22. Bc3 Bxc4 23. dxc4 Nd6 24. Rfd1 Qe7 25. Bd5 b5 26. Qxg6 Nxc4 27. Bxc4 bxc4 28. Qe4 Qe6 29. Rxb8 Rxb8 30. Rd5 Bf8 31. Kg2 Rb3 32. Rxe5 Qa6 33. Qg4+ Kh7 34. Qf5+ Qg6 35. Qf3 Bg7 36. Re3 Bxc3 37. Rxc3 Rxc3 38. Qxc3 Qe6 39. h4 Qxe2 40. Qf6 Qe4+ 41. Kh2 Qe6 42. Qf3 Kg7 43. Qc3+ Qf6 44. Qc2 c3 45. Kg1 Qd4 46. Kf1 c4 47. Ke2 Kf6 48. Qh7 Qd2+ 49. Kf3 Qd3+ 50. Qxd3 cxd3 51. Ke3 d2 52. Ke2 Ke5 53. Kd1 Kd4 54. Ke2 Kc4 55. g4 Kb3 56. g5 hxg5 57. hxg5 Kc2 0-1

[Event "Brasilia Brasiliense-ch"]
[Site "Brasilia"]
[Date "2019.10.25"]
[Round "7"]
[White "Japiassu, Ricardo de Villa No"]
[Black "Felix, Raimundo Nascimento"]
[Result "1-0"]
[WhiteElo "2061"]
[BlackElo "1975"]
[PlyCount "93"]
[EventDate "2019.10.17"]
[EventType "tourn"]
[EventRounds "11"]
[EventCountry "BRA"]
[SourceTitle "CBM 192 Extra"]
[Source "Chessbase"]
[SourceDate "2019.11.06"]
[SourceVersion "1"]
[SourceVersionDate "2019.11.06"]
[SourceQuality "1"]

1. c4 b6 2. Nc3 Bb7 3. e4 e5 4. g3 Nc6 5. Bg2 Nf6 6. Nge2 Bc5 7. 0-0 Nd4 8. d3 0-0 9. Rb1 a5 10. a3 Ne6 11. b4 axb4 12. axb4 Be7 13. f4 exf4 14. gxf4 g6 15. f5 gxf5 16. Rxf5 Ng7 17. Rf3 Nfh5 18. Nd4 Bf6 19. Be3 c5 20. Nde2 d6 21. bxc5 dxc5 22. Rf2 Bh4 23. Rf1 Bc6 24. Nd5 Rb8 25. Nec3 Bd7 26. Rb3 f5 27. Qb1 f4 28. Nxf4 Bg5 29. Ncd5 Nxf4 30. Bxf4 Bxf4 31. Rxf4 Rxf4 32. Nxf4 Qg5 33. Qc1 Bh3 34. Rb1 Bxg2 35. Nxg2 Qe5 36. Qf4 Qd4+ 37. Qe3 Qe5 38. Nf4 Nf5 39. Qf2 Nd4 40. Kh1 Kh8 41. Rg1 Rg8 42. Rxg8+ Kxg8 43. Nd5 Qd6 44. Nf6+ Kf7 45. e5 Qxe5 46. Ng4+ Qf5 47. Nh6+ 1-0

[Event "Brasilia Brasiliense-ch"]
[Site "Brasilia"]
[Date "2019.10.19"]
[Round "3"]
[White "Japiassu, Ricardo de Villa No"]
[Black "Guimaraes, Diogo Duarte"]
[Result "0-1"]
[WhiteElo "2061"]
[BlackElo "2273"]
[PlyCount "92"]
[EventDate "2019.10.17"]
[EventType "tourn"]
[EventRounds "11"]
[EventCountry "BRA"]
[SourceTitle "CBM 192 Extra"]
[Source "Chessbase"]
[SourceDate "2019.11.06"]
[SourceVersion "1"]
[SourceVersionDate "2019.11.06"]
[SourceQuality "1"]

1. c4 Nf6 2. g3 c6 3. Nf3 d5 4. b3 Bf5 5. Bb2 e6 6. Bg2 Nbd7 7. 0-0 Bc5 8. d3 h6 9. Nbd2 0-0 10. cxd5 exd5 11. Nd4 Bh7 12. Bh3 a5 13. a3 Re8 14. Nf5 Bf8 15. Nf3 g5 16. Ne3 Rxe3 17. fxe3 g4 18. Bg2 gxf3 19. Rxf3 Qe7 20. Bh3 Ne5 21. Rf4 h5 22. e4 Bh6 23. Qf1 Bxf4 24. Qxf4 Nfg4 25. Bxg4 Nxg4 26. h3 Qc5+ 27. Kh1 Qc2 28. Bd4 Qxe2 29. hxg4 Qxd3 30. Qg5+ Bg6 31. Qf6 Bxe4+ 32. Kh2 Qe2+ 33. Kh3 Bg2+ 34. Kh2 Bf3+ 35. Kh3 hxg4+ 36. Kh4 Qh2+ 37. Kg5 Qh7 38. Re1 Be4 39. Kf4 Re8 40. Re2 Kf8 41. Bc5+ Kg8 42. Bd4 Kf8 43. Bc5+ Kg8 44. Bd4 c5 45. Be5 Bf3 46. Rh2 Qe4+ 0-1

[Event "Brasilia Brasiliense-ch"]
[Site "Brasilia"]
[Date "2019.10.18"]
[Round "2"]
[White "De Siqueira, Luigy Lira"]
[Black "Japiassu, Ricardo de Villa No"]
[Result "1-0"]
[WhiteElo "1939"]
[BlackElo "2061"]
[PlyCount "61"]
[EventDate "2019.10.17"]
[EventType "tourn"]
[EventRounds "11"]
[EventCountry "BRA"]
[SourceTitle "CBM 192 Extra"]
[Source "Chessbase"]
[SourceDate "2019.11.06"]
[SourceVersion "1"]
[SourceVersionDate "2019.11.06"]
[SourceQuality "1"]

1. e4 c5 2. Nf3 e6 3. d4 cxd4 4. Nxd4 a6 5. Be3 Nf6 6. Bd3 d6 7. 0-0 b5 8. f4 Bb7 9. Nd2 Nbd7 10. b4 Nb6 11. a3 Be7 12. Qe2 0-0 13. g4 Nc4 14. g5 Nd7 15. Bxc4 bxc4 16. Qxc4 g6 17. Qe2 e5 18. N4f3 exf4 19. Bxf4 Ne5 20. Rad1 Qc8 21. Nxe5 dxe5 22. Bxe5 Bxg5 23. Nc4 Qh3 24. Rd3 Qe6 25. Rd6 Qh3 26. Bg3 Rac8 27. Ne5 Rc3 28. Rd3 Rfc8 29. Qf3 Rxd3 30. Qxf7+ Kh8 31. Nxg6+ 1-0

[Event "American Continental 15th"]
[Site "Sao Paulo"]
[Date "2019.07.08"]
[Round "5"]
[White "Japiassu, Ricardo de Villa No"]
[Black "Leite, Tarcisio Dantas Fro"]
[Result "1-0"]
[WhiteElo "1990"]
[BlackElo "1571"]
[PlyCount "123"]
[EventDate "2019.07.05"]
[EventType "swiss"]
[EventRounds "11"]
[EventCountry "BRA"]
[SourceTitle "CBM 191 Extra"]
[Source "ChessBase"]
[SourceDate "2019.09.30"]
[SourceVersion "1"]
[SourceVersionDate "2019.09.30"]
[SourceQuality "1"]

1. c4 e5 2. g3 c6 3. d4 exd4 4. Qxd4 Nf6 5. Nf3 Bb4+ 6. Bd2 Bxd2+ 7. Nbxd2 d6 8. Bg2 0-0 9. 0-0 c5 10. Qd3 Qe7 11. Rfe1 Nc6 12. Rad1 Ne5 13. Qc2 Rb8 14. Ng5 h6 15. Nge4 Ne8 16. Nc3 Be6 17. b3 Nc7 18. f4 Nc6 19. e4 Nd4 20. Qd3 Bd7 21. Nf3 Nce6 22. Ne2 Nxf3+ 23. Bxf3 Bc6 24. Qxd6 Rfe8 25. Qxe7 Rxe7 26. Kf2 Kf8 27. e5 Bxf3 28. Kxf3 Ke8 29. Rd5 b6 30. Red1 f6 31. exf6 gxf6 32. h4 Kf7 33. Rd7 Rbe8 34. R1d5 Nf8 35. Rxe7+ Rxe7 36. g4 Ng6 37. h5 Nf8 38. Rd3 Ne6 39. Nc3 Nd4+ 40. Kf2 Ne6 41. Nd5 Rb7 42. Kg3 Nd4 43. Re3 Rd7 44. Re1 Rb7 45. Kf2 Rd7 46. Rg1 Ne6 47. Ke3 Kg7 48. Ke4 Nd4 49. b4 Kf7 50. a4 Rd8 51. Kd3 Re8 52. Ne3 Rd8 53. Nd5 Re8 54. a5 Rb8 55. axb6 axb6 56. Ra1 Nc6 57. b5 Na5 58. Nxb6 Rd8+ 59. Nd5 Nb3 60. Ra7+ Kg8 61. b6 Kh8 62. b7 1-0

[Event "BRA-ch U26"]
[Site "Brasilia"]
[Date "2019.04.25"]
[Round "4"]
[White "Japiassu, Ricardo de Villa No"]
[Black "Cadilhac, Igor Tokuichi Kikuc"]
[Result "1/2-1/2"]
[WhiteElo "1994"]
[BlackElo "2294"]
[PlyCount "88"]
[EventDate "2019.04.23"]
[EventType "swiss"]
[EventRounds "7"]
[EventCountry "BRA"]
[SourceTitle "CBM 190 Extra"]
[Source "ChessBase"]
[SourceDate "2019.07.15"]
[SourceVersion "1"]
[SourceVersionDate "2019.07.15"]
[SourceQuality "1"]

1. c4 e5 2. g3 Nf6 3. Bg2 d5 4. cxd5 Nxd5 5. Nf3 Nc6 6. 0-0 Nb6 7. d3 Be7 8. Nc3 Be6 9. a3 g5 10. Be3 g4 11. Nd2 h5 12. b4 h4 13. Nb3 hxg3 14. fxg3 Nd5 15. Nxd5 Bxd5 16. Bc5 Bxg2 17. Kxg2 Qd5+ 18. e4 Qe6 19. Bxe7 Nxe7 20. Nc5 Qh6 21. Rh1 f5 22. exf5 Nxf5 23. Qe2 Qh3+ 24. Kf2 0-0 25. Ke1 Nxg3 26. hxg3 Qxh1+ 27. Kd2 Qf3 28. Qxe5 Qf2+ 29. Kc1 Qf6 30. Qd5+ Rf7 31. Ra2 Rd8 32. Qc4 Rd4 33. Qb3 Qc6 34. Rf2 Qd5 35. Rxf7 Kxf7 36. Qc2 Kg6 37. Qe2 b6 38. Ne6 Qc6+ 39. Kb2 Rd6 40. Qxg4+ Kf7 41. Qf5+ Ke7 42. Nf4 Rh6 43. Nd5+ Kd8 44. Qf8+ Kd7 1/2-1/2

[Event "Florianopolis op 5th"]
[Site "Florianopolis"]
[Date "2019.01.25"]
[Round "7"]
[White "Japiassu, Ricardo de Villa No"]
[Black "Rangel, Daniel"]
[Result "0-1"]
[WhiteElo "1956"]
[BlackElo "2322"]
[PlyCount "50"]
[EventDate "2019.01.21"]
[EventType "swiss"]
[EventRounds "10"]
[EventCountry "BRA"]
[SourceTitle "CBM 188 Extra"]
[Source "ChessBase"]
[SourceDate "2019.02.28"]
[SourceVersion "1"]
[SourceVersionDate "2019.02.28"]
[SourceQuality "1"]

1. c4 Nf6 2. g3 c6 3. Nf3 d5 4. b3 g6 5. Bb2 Bg7 6. Bg2 0-0 7. 0-0 Bg4 8. d3 Re8 9. Nbd2 Nbd7 10. Ne5 Nxe5 11. Bxe5 Qd7 12. Re1 Qf5 13. d4 Bh3 14. f3 Bxg2 15. Kxg2 c5 16. e4 dxe4 17. fxe4 Qe6 18. Nf3 cxd4 19. Qxd4 Red8 20. Qb2 Rd3 21. Bd4 Rd8 22. e5 Qc6 23. Qe2 R8xd4 24. exf6 Rxf3 25. Qxf3 Rd2+ 0-1

[Event "Brasilia Terraviva op"]
[Site "Brasilia"]
[Date "2019.01.10"]
[Round "1"]
[White "Japiassu, Ricardo de Villa No"]
[Black "Jardim, Tamiris Salvador"]
[Result "1-0"]
[WhiteElo "1956"]
[BlackElo "1253"]
[PlyCount "45"]
[EventDate "2019.01.10"]
[EventType "swiss"]
[EventRounds "7"]
[EventCountry "BRA"]
[SourceTitle "CBM 188 Extra"]
[Source "ChessBase"]
[SourceDate "2019.02.28"]
[SourceVersion "1"]
[SourceVersionDate "2019.02.28"]
[SourceQuality "1"]

1. c4 Nf6 2. g3 g6 3. Bg2 Bg7 4. Nf3 d6 5. 0-0 0-0 6. Nc3 a6 7. Rb1 Bf5 8. d3 Nbd7 9. Nd4 Rb8 10. Nxf5 gxf5 11. b4 c6 12. a4 Qc7 13. b5 axb5 14. axb5 e5 15. Bh3 Ng4 16. e4 Nh6 17. Qh5 Nf6 18. Qh4 Nhg4 19. exf5 h5 20. Bg5 Qb6 21. Bxg4 Nxg4 22. Qxh5 Qd4 23. Ne4 1-0

[Event "Brasilia Etapa do Rei op"]
[Site "Brasilia"]
[Date "2019.??.??"]
[Round "6"]
[White "Taira, Erick Hideki"]
[Black "Japiassu, Ricardo de Villa No"]
[Result "1-0"]
[WhiteElo "1838"]
[BlackElo "1990"]
[PlyCount "77"]
[EventDate "2019.03.22"]
[EventType "swiss"]
[EventRounds "6"]
[EventCountry "BRA"]
[SourceTitle "CBM 190 Extra"]
[Source "ChessBase"]
[SourceDate "2019.07.15"]
[SourceVersion "1"]
[SourceVersionDate "2019.07.15"]
[SourceQuality "1"]

1. e4 c5 2. Nf3 d6 3. d4 cxd4 4. Nxd4 Nf6 5. Nc3 g6 6. f3 Bg7 7. Be3 0-0 8. Qd2 Nc6 9. 0-0-0 d5 10. Kb1 Nxd4 11. Bxd4 dxe4 12. Qe1 Qc7 13. Nxe4 Bf5 14. Bd3 Nxe4 15. Bxg7 Kxg7 16. Bxe4 Be6 17. h4 h5 18. Rg1 Qc4 19. b3 Qc5 20. g4 hxg4 21. fxg4 a5 22. a4 Ra6 23. h5 Rb6 24. Rg3 g5 25. Bd5 Rc8 26. Qe5+ f6 27. Qe4 Rd6 28. Qg6+ Kh8 29. Qh6+ Kg8 30. Bxe6+ Rxe6 31. Qg6+ Kh8 32. h6 Rg8 33. Rd8 Re1+ 34. Kb2 Qxc2+ 35. Qxc2 Rxd8 36. Rd3 Rxd3 37. Qxd3 Rh1 38. Qg6 Rh2+ 39. Ka3 1-0